[Event "ROM-chT"]
[Site "Timisu de Sus"]
[Date "1998.11.12"]
[Round "3"]
[White "Bologan, Viktor"]
[Black "Atalik, Suat"]
[Result "1-0"]
[WhiteElo "2585"]
[BlackElo "2585"]
[Annotator "Atalik,S"]
[PlyCount "115"]
[EventDate "1998.11.??"]
[EventType "team"]
[EventRounds "5"]
[EventCountry "ROU"]
[SourceTitle "EXT 2002"]
[Source "ChessBase"]
[SourceDate "2001.11.25"]
[SourceVersion "1"]
[SourceVersionDate "2001.11.25"]
[SourceQuality "1"]

1. e4 c5 2. Nf3 d6 3. d4 cxd4 4. Nxd4 Nf6 5. Nc3 a6 6. Be3 Nc6 $5 7. Be2 e6 8.
g4 Be7 (8... h6 $5) 9. g5 Nd7 10. h4 O-O 11. f4 Re8 $5 (11... Nxd4 12. Qxd4 e5
13. Qd2 exf4 14. Bxf4 Ne5 15. O-O-O Be6 16. Nd5) 12. Qd2 Nxd4 13. Bxd4 b5 14.
a3 (14. O-O-O b4 15. Na4 Bb7) 14... Bb7 15. O-O-O Rc8 16. Kb1 Bf8 (16... Qa5
17. g6 fxg6 18. h5 g5 19. h6 g6 20. Bg4 Bf8 21. fxg5 $13) 17. g6 fxg6 18. h5 e5
(18... Rxc3 19. Bxc3 (19. Qxc3 Bxe4 20. hxg6 Bxh1 (20... Bxg6 21. Bd3 $16) 21.
gxh7+ Kh8 22. Rxh1 $16) 19... Bxe4 20. hxg6 $16) 19. hxg6 $1 h6 $8 (19... exd4
$2 20. Rxh7 Nf6 21. Bc4+ $1 bxc4 22. Qh2 $18) 20. Be3 (20. fxe5 dxe5 $1 (20...
Nxe5 $13) 21. Be3 Nf6 22. Bd3 b4 23. axb4 Bxb4 24. Bc4+ Kf8 25. Qe2 Qc7 $36)
20... Nf6 $6 (20... Rxc3 $1 21. Qxc3 Bxe4 22. Qb3+ (22. Rhg1 $6 d5) 22... Kh8
23. Rh2 (23. Rhg1 d5 24. Bd3 (24. Rxd5 $2 Bxd5 25. Qxd5 exf4 $19) 24... Bf3)
23... Bxg6 $13) 21. Nd5 $5 (21. Bd3 d5 $1 (21... exf4 22. Bxf4 $16) 22. fxe5 (
22. Nxd5 Nxd5 23. exd5 Qxd5) 22... Nxe4 23. Bxe4 dxe4 24. Qf2 Qe7) 21... Bxd5
$2 (21... Nxe4 $1 22. Qd3 exf4 23. Qb3 Kh8 24. Bd4 Qg5 $19) 22. exd5 Ne4 23.
Qd3 exf4 24. Bd4 Ng3 $6 (24... Qg5 $1 $17 25. Rdg1 $140 Qxd5 26. Bf3 Nd2+ 27.
Qxd2 Qxf3 28. Rf1 Qe2 $19) 25. Bg4 Nxh1 26. Rxh1 $1 Qg5 $6 (26... Qc7 27. Be6+
Rxe6 28. dxe6 Be7 $13) 27. Qh3 $1 Qxd5 $8 (27... Rcd8 28. Be6+ Rxe6 29. Qxe6+
Kh8 30. Qf7 Rc8 31. Bf6 $1 $18) 28. Bxc8 Rxc8 (28... Qxd4 29. Be6+ Kh8 30. Qf5
Qa7 $8 (30... Qe5 31. Qf7 Qxe6 32. Rxh6+) 31. Qxf4 $16) 29. Bxg7 $1 Qxh1+ $1 (
29... Rxc2 30. Bxf8 Qe4 31. Ka1 Kxf8 32. Qxh6+ Ke8 33. Qh8+ Kd7 34. g7 Rg2 35.
g8=Q Rxg8 36. Rh7+ $18) 30. Qxh1 Bxg7 31. Kc1 $3 (31. Qb7 Rf8 32. Qxa6 f3 33.
Qxb5 f2 34. Qf1 d5 35. c3 h5 36. Kc2 (36. a4 Be5 37. a5 Kg7 38. a6 Bb8 39. Kc2
Ba7 $13) 36... h4 37. a4 Be5 38. a5 Kg7 39. a6 Bb8 $13) 31... Rf8 32. Kd1 f3
33. Ke1 Bxb2 34. Qxh6 Re8+ 35. Kf2 Re7 36. Qh4 Kf8 37. Kxf3 $1 (37. Qf4+ Kg7
38. Qxd6 Re5 39. Qxa6 (39. Kxf3 Rf5+ 40. Ke4 Rf6 41. Qb4 Bc1 $11) 39... Rf5 $11
) 37... d5 38. Qg5 Be5 39. Kg4 Ke8 40. Kf5 $2 (40. Qf5 Kd8 41. Qf8+ Kd7 42. Qa8
$18) 40... Bg7 41. Qg3 Kd7 42. Qb8 Kc6 43. Qa8+ Kb6 44. Qd8+ Rc7 45. Qb8+ Rb7
46. Qd6+ Ka7 47. Qc5+ Kb8 48. Ke6 d4 $5 {defence for black would have beeb
easier without this pawn.It is obvious that Pd4 will restrict the scope of
black squared bishop.But in this case the presence of a4 break makes it
necessary.} (48... Bh6 49. Kxd5 Bg7 50. Ke6 Ka8 51. a4 Kb8 52. a5 Ka8 53. Qd6
Ka7 54. c3 Rb8 55. Qc5+ Ka8 56. Qc6+ Ka7 57. Kf7 $18) 49. Qc6 Ka7 50. Qc8 Kb6
51. Qa8 Rc7 52. Kd6 Rb7 53. Qd8+ Ka7 54. Kc6 Be5 (54... Bf6 55. Qc8 Re7 56. Kd5
Rb7 57. Qc5+ Rb6 58. Qf8 $18) 55. Qc8 Rb6+ 56. Kd5 Bg7 57. Qc5 $22 Bh8 58. Qf8
1-0

[Event "Wotulo Memorial"]
[Site "Jakarta"]
[Date "2001.03.25"]
[Round "4"]
[White "Majella, Yoseph R"]
[Black "Hulak, Krunoslav"]
[Result "0-1"]
[WhiteElo "2321"]
[BlackElo "2546"]
[Annotator "Atlas,V"]
[PlyCount "62"]
[EventDate "2001.03.23"]
[EventType "tourn"]
[EventRounds "13"]
[EventCountry "INA"]
[EventCategory "8"]
[SourceTitle "CBM 083"]
[Source "ChessBase"]
[SourceDate "2001.07.05"]
[SourceVersion "1"]
[SourceVersionDate "2001.07.05"]
[SourceQuality "1"]

1. e4 c5 2. Nf3 e6 3. d4 cxd4 4. Nxd4 a6 5. Nc3 d6 6. Be2 Nf6 7. O-O b5 8. a3
Bb7 9. Re1 Nbd7 10. f4 Rc8 11. Bf3 Be7 12. Be3 Rc4 13. Qd3 Nc5 14. Qf1 Ncxe4
15. a4 Rxd4 16. Bxd4 Nd2 17. Qd3 Nxf3+ 18. gxf3 b4 19. Ne4 Nd5 20. Qd2 f6 21.
Rad1 e5 22. fxe5 fxe5 23. c4 bxc3 24. Bxc3 O-O 25. Rf1 Qe8 26. b3 Qg6+ 27. Kh1
{[%tqu "En","Black's attack needs extra power. How can Black fuel it up?",
"Exploit the main diagonal.","Employ your rook!","f8f3","Excellent! This
sacrifice ruins White's position.",7]} Rxf3 $1 {[%csl Rh1][%cal Gg6e4,Ge4h1,
Gb7e4] The second exchange sacrifice yields Black an irresistible attack.} 28.
Rxf3 Qxe4 29. Rdf1 Ne3 $1 {Now the game is over.} 30. R1f2 Bh4 (30... Qf4 {
was also winning.}) 31. Kg1 Qg6+ 0-1

[Event "EU-ch 2nd"]
[Site "Ohrid"]
[Date "2001.06.14"]
[Round "13"]
[White "Yegiazarian, Arsen"]
[Black "Nielsen, Peter Heine"]
[Result "1-0"]
[WhiteElo "2529"]
[BlackElo "2585"]
[Annotator "Atlas,V"]
[PlyCount "67"]
[EventDate "2001.06.01"]
[EventType "swiss"]
[EventRounds "13"]
[EventCountry "YUG"]
[SourceTitle "CBM 084"]
[Source "ChessBase"]
[SourceDate "2001.09.13"]
[SourceVersion "1"]
[SourceVersionDate "2001.09.13"]
[SourceQuality "1"]

1. e4 c5 2. Nf3 d6 3. d4 cxd4 4. Nxd4 Nf6 5. Nc3 a6 6. Be2 e6 7. O-O Be7 8. f4
O-O 9. Kh1 Qc7 10. Be3 b5 11. e5 dxe5 12. fxe5 Nfd7 13. Bd3 Bb7 14. Bf4 Nc5 15.
Qg4 Rd8 16. Bg3 g6 17. Qf4 Bf8 18. Bh4 Rd7 19. Rad1 Bg7 20. Bf6 Bxf6 21. Qxf6
Nc6 22. Nf3 Rad8 23. Rde1 Nb4 24. Ng5 Nbxd3 25. cxd3 Nxd3 26. Re3 b4 $2 ({
A fatal mistake. After} 26... Nxb2 {/\Rd2 Black retains good counterchances.})
{[%tqu "En","Both sides have active pieces, but White can strike first. How?",
"Try to deflect the d7-rook from protecting the f7-pawn.","Use your e3-rook!",
"e3d3","Correct! After this powerful blow the black king is doomed.",7]} 27.
Rxd3 $3 {[%csl Rf7][%cal Gg5f7,Gf1f7] Deflecting the black rook,White captures
the f7-pawn, creating decisive threats to the black king.} Rxd3 ({Or} 27...
bxc3 28. Nxf7 {winning}) 28. Nxf7 {[%csl Rg8][%cal Gf7h6,Gf6h8] The threat 29.
Nh6# forces black to sacrifice material, but he has no sufficient defence
against it.} Bxg2+ 29. Kxg2 Qb7+ (29... Rd2+ {loses after} 30. Kh1 Qc6+ 31. Rf3
Qxf3+ 32. Qxf3 Rf8 33. Ne4 Rxf7 34. Nxd2 Rxf3 35. Nxf3) 30. Kg1 Qb6+ 31. Rf2
Rd1+ 32. Nxd1 Rxd1+ 33. Kg2 Qc6+ 34. Rf3 (34. Rf3 {, and Black resigned, in
view of} Rd2+ 35. Kg3 {(35.Kh3) +-}) 1-0

[Event "GER-ch 77th"]
[Site "Osterburg"]
[Date "2006.02.09"]
[Round "7"]
[White "Sprenger, Jan Michael"]
[Black "Baramidze, David"]
[Result "0-1"]
[WhiteElo "2505"]
[BlackElo "2554"]
[Annotator "Atlas,V"]
[PlyCount "98"]
[EventDate "2006.02.03"]
[EventType "swiss"]
[EventRounds "9"]
[EventCountry "GER"]
[SourceTitle "CBM 112"]
[Source "ChessBase"]
[SourceDate "2006.06.07"]
[SourceVersion "1"]
[SourceVersionDate "2006.06.07"]
[SourceQuality "1"]

1. e4 c5 2. Nf3 d6 3. d4 cxd4 4. Nxd4 Nf6 5. Nc3 a6 6. Be2 e6 7. O-O Bd7 8. f4
Nc6 9. Kh1 Qb6 10. Nb3 Be7 11. Bf3 O-O 12. a4 Qc7 13. Be3 b6 14. g4 d5 15. exd5
Nxd5 16. Bxd5 exd5 17. Nxd5 Qb7 18. Qf3 Bd8 19. f5 Qc8 20. Bf4 Ne7 21. Nxe7+
Bxe7 22. Nd4 Bf6 23. c3 Rd8 24. Rfd1 Qc5 25. b4 Qc8 26. a5 b5 27. g5 Bxd4 28.
Rxd4 Re8 29. Kg1 Bc6 30. Qd3 Bb7 31. Kf2 g6 32. fxg6 fxg6 33. Kg3 Qc6 34. Ra2
Qe6 35. Rd6 Qe1+ 36. Kh3 Bc8+ 37. Kg2 Bf5 38. Qg3 $2 ({After this mistake
White's position becomes critical.} 38. Qd5+ $1 Be6 39. Qd3 $1 {was a good
attempt to keep balance:} Bxa2 40. Rxg6+ $1 hxg6 41. Qxg6+ Kf8 (41... Kh8 42.
Qh6+) 42. Qh6+ Kg8 (42... Ke7 $4 43. Qf6+ Kd7 44. Qd6+ Kc8 45. Qc7#) 43. Qg6+ {
, with a draw by perpetual.}) 38... Qe4+ 39. Kf2 ({After} 39. Qf3 Qc4 {is very
unpleasant.}) 39... Rac8 40. Rad2 Qe1+ 41. Kg2 Be4+ 42. Kh3 Qf1+ 43. Kh4 {
[%tqu "En","Black's attack needs extra power. How White fuel it up?","Exploit
a shaky position of the white king and deflect the enemy queen.","Sacrifice
your rook!","c8c3","This terrific blow crowns Black's attack.",6]} Rxc3 $1 {
[%csl Gc3,Gf1,Rf4,Rg3,Rh4] After this beautiful sacrifice the white king is
doomed.} 44. Qxc3 ({Other continuations are losing as well:} 44. Rd1 Qc4 45.
Rd8 (45. R1d4 Rxg3 46. Rxc4 Rf3) 45... Rxg3 46. Rxe8+ Kf7 47. Rxe4 Qxe4 48.
Kxg3 Qxb4) (44. Rf2 Qc4 45. Qg4 Bf5) (44. Be3 Bf5 45. Rd8 Rc4+ {, and Black is
easily winning in all lines.}) 44... Qxf4+ 45. Kh3 Qxg5 {Creating a deadly
threat 46...Bf5+.} 46. Qb3+ Kf8 47. Qg3 (47. Rf2+ Bf5+ 48. Rxf5+ Qxf5+ 49. Kg3
(49. Kg2 Re2+ {, with mate in three}) 49... Qe5+ {, winning a rook.}) 47...
Qh5+ 48. Qh4 Qf3+ 49. Qg3 Bf5+ {, with mate on the next move.} 0-1

[Event "EU-ch 2nd"]
[Site "Ohrid"]
[Date "2001.06.02"]
[Round "2"]
[White "Degraeve, Jean Marc"]
[Black "Arbakov, Valentin"]
[Result "1-0"]
[WhiteElo "2589"]
[BlackElo "2491"]
[Annotator "Atlas,V"]
[PlyCount "91"]
[EventDate "2001.06.01"]
[EventType "swiss"]
[EventRounds "13"]
[EventCountry "YUG"]
[SourceTitle "CBM 084"]
[Source "ChessBase"]
[SourceDate "2001.09.13"]
[SourceVersion "1"]
[SourceVersionDate "2001.09.13"]
[SourceQuality "1"]

1. e4 c5 2. Nf3 e6 3. Nc3 a6 4. d4 cxd4 5. Nxd4 Qc7 6. Be2 Nf6 7. O-O d6 8. Be3
b5 9. a3 Bb7 10. Bd3 Nbd7 11. f4 Be7 12. Qf3 Nc5 13. Rae1 O-O 14. Kh1 Rae8 15.
Bg1 d5 16. e5 Nfe4 17. Bxe4 Nxe4 18. Nxe4 dxe4 19. Qg4 g6 20. c3 Bd5 21. Ne2 h5
22. Qh3 h4 23. Bf2 Kg7 24. Bxh4 Rh8 25. Bf6+ Bxf6 26. exf6+ Kxf6 27. Qg3 Rc8
28. Ng1 Kg7 29. Nh3 f6 30. Nf2 f5 31. Rd1 Rh5 32. Qe3 g5 33. Nh3 g4 34. Ng5 Kg6
35. Kg1 Rch8 36. h3 Bc4 37. Rf2 Bd5 38. Rff1 Rxg5 39. fxg5 gxh3 40. gxh3 Rh5
41. Rd2 Bc4 42. Rfd1 Qe5 43. Rd8 Bd5 $2 ({This natural moves allows for an
elegant refutation.} 43... Rxg5+ {was to be preferred, although White still
retains good attacking chances:} 44. Kh1 f4 45. Rg8+ Kh6 46. Rxg5 Kxg5 (46...
Qxg5 47. Qd4) 47. Qa7 Bd5 (47... e3) 48. Rg1+ Kh6 49. Qe7 e3+ 50. Kh2 f3+ 51.
Rg3) {[%tqu "En","How can White conclude the game?","Try to bring your queen
into attack.","Use the d1-rook for the decisive blow!","d1d5","Correct! This
sacrifice allows White to bring the queen into action.",6]} 44. R1xd5 $3 {
[%csl Rg6][%cal Ge3b6]} exd5 (44... Rxg5+ {loses after} 45. Qxg5+ Kxg5 46. Rxe5
$18) 45. Qb6+ {[%cal Gb6g6,Gd8g8]} Kf7 ({Or} 45... Kxg5 46. Rg8+ Kh4 (46... Kf4
47. Qf2#) 47. Qf2+ Kxh3 48. Qg2+ Kh4 49. Qh1+ {winning.}) 46. Rd7+ {[%csl Rf7]
[%cal Gb6d8,Gd7h7,Gb6h6] , and Black resigned in view of inevitable mate.} 1-0

[Event "Daugavpils"]
[Site "Daugavpils"]
[Date "1990.??.??"]
[Round "?"]
[White "Unzicker, Wolfgang"]
[Black "Piesina, Gintautas"]
[Result "1-0"]
[WhiteElo "2475"]
[BlackElo "2420"]
[Annotator "Boensch,U"]
[PlyCount "69"]
[EventDate "1990.02.??"]
[EventType "tourn"]
[EventRounds "9"]
[EventCountry "LAT"]
[EventCategory "8"]
[SourceTitle "CBM 017"]
[Source "ChessBase"]
[SourceDate "1990.08.01"]
[SourceVersion "1"]
[SourceVersionDate "1990.08.01"]
[SourceQuality "1"]

1. e4 {Bönsch} c5 2. Nf3 d6 3. d4 cxd4 4. Nxd4 Nf6 5. Nc3 a6 6. Be2 e6 7. O-O
Be7 8. f4 O-O 9. Kh1 Qc7 10. a4 b6 11. Bf3 Bb7 12. e5 dxe5 13. fxe5 Nfd7 14.
Bxb7 (14. Bf4 Nc6 15. Nxc6 Bxc6 16. Qe1 Rad8 17. Qg3 Bxf3 18. Rxf3 Kh8 $10 {
Donchev,D - Wojtkiewicz,A Haifa 1989}) 14... Qxb7 15. Bf4 Bc5 (15... Nc6 $5)
16. Nf3 Nc6 17. Ne4 Ne7 18. Qe2 Qc6 19. Rfd1 Rfc8 20. c3 Nd5 21. Bg3 Nf8 22.
Nd4 Qc7 23. Rd2 Ng6 24. Rf1 Rd8 $2 (24... h6 $13 25. Qh5 $2 Bxd4 26. cxd4 Ne3
$17) 25. Ng5 Rd7 $2 (25... Rf8 $8) 26. Ndxe6 $3 fxe6 27. Qh5 h6 28. Qxg6 hxg5
29. Qxe6+ Kh8 30. Qh3+ Kg8 31. e6 $18 g4 32. Qh5 Nf6 33. Bxc7 Rxd2 34. Qf7+ Kh8
35. Rxf6 $1 1-0

[Event "Groningen PCA"]
[Site "Groningen"]
[Date "1993.??.??"]
[Round "2"]
[White "Shirov, Alexei"]
[Black "Azmaiparashvili, Zurab"]
[Result "1-0"]
[WhiteElo "2685"]
[BlackElo "2630"]
[Annotator "Boensch,U"]
[PlyCount "83"]
[EventDate "1993.12.??"]
[EventType "swiss"]
[EventRounds "11"]
[EventCountry "NED"]
[SourceTitle "CBM 039"]
[Source "ChessBase"]
[SourceDate "1994.04.01"]
[SourceVersion "1"]
[SourceVersionDate "1994.04.01"]
[SourceQuality "1"]

1. e4 c5 2. Nf3 d6 3. d4 cxd4 4. Nxd4 Nf6 5. Nc3 a6 6. Be3 e6 7. Be2 b6 $146 (
7... b5 $2 8. Bf3 b4 9. e5 dxe5 10. Nb3 Qxd1+ 11. Rxd1 e4 12. Nxe4 Nd5 13. Rxd5
exd5 14. Nf6+ gxf6 15. Bxd5 $16 {-ECO}) 8. f4 (8. Bf3 e5 $8 (8... Bb7 $2 9. e5
dxe5 10. Nxe6 Qxd1+ 11. Rxd1 fxe6 12. Bxb7 Ra7 13. Rd8+ Kxd8 14. Bxb6+ Kd7 15.
Bxa7 $18) (8... Nbd7 $2 9. e5 dxe5 10. Nxe6 fxe6 11. Bxa8 $18) 9. Nf5 g6 (9...
d5 10. Bg5 d4 11. Nd5 $16) 10. Ng3 Bb7 $14) 8... Bb7 9. Bf3 Nbd7 10. O-O Rc8
11. Qe1 Rc7 (11... e5 $5) (11... Be7) 12. Rd1 Qa8 13. e5 $1 Bxf3 (13... dxe5
14. fxe5 Nxe5 15. Bxb7 Rxb7 (15... Qxb7 16. Bf4 $16) 16. Bg5 $40) 14. Nxf3 dxe5
15. fxe5 Ng4 16. Bf4 Rc4 (16... Bc5+ 17. Kh1 O-O 18. h3 $18) 17. Qg3 h5 $1 (
17... Bc5+ 18. Kh1 Nf2+ 19. Rxf2 Bxf2 20. Qxg7 Rf8 21. Bh6 $18) 18. h3 Bc5+ 19.
Kh1 Be3 20. Ne2 Re4 21. hxg4 hxg4+ 22. Nh2 Bxf4 23. Nxf4 Nxe5 24. Rfe1 g5 (
24... Rh6 $5) 25. Rxe4 Qxe4 26. Nd3 Nxd3 27. Rxd3 Qf4 28. Kg1 $1 $18 f5 (28...
Qxg3 29. Rxg3 f5 30. Ra3 $18) 29. Qxf4 gxf4 30. Rd4 Ke7 31. Rxf4 Kd6 32. Nf1 b5
33. a4 Rb8 34. axb5 Rxb5 35. b3 Ra5 36. Kf2 Ke5 37. g3 Ra1 38. Ne3 Kd6 39. Ra4
Rxa4 40. bxa4 Ke5 41. c3 Ke4 42. Ke2 1-0

[Event "Petrov Memorial op"]
[Site "St Petersburg"]
[Date "1996.??.??"]
[Round "9"]
[White "Timoshenko, Georgy"]
[Black "Yudasin, Leonid"]
[Result "1-0"]
[WhiteElo "2500"]
[BlackElo "2635"]
[Annotator "Boensch,U"]
[PlyCount "49"]
[EventDate "1996.02.??"]
[EventType "swiss"]
[EventRounds "9"]
[EventCountry "RUS"]
[SourceTitle "CBM 052"]
[Source "ChessBase"]
[SourceDate "1996.06.01"]
[SourceVersion "1"]
[SourceVersionDate "1996.06.01"]
[SourceQuality "1"]

1. e4 c5 2. Nf3 d6 3. d4 cxd4 4. Nxd4 Nf6 5. Nc3 a6 6. Be2 e6 7. O-O Be7 8. f4
O-O 9. Kh1 Qc7 10. a4 b6 11. Bf3 Bb7 12. f5 $146 (12. Qe1 Nc6 13. Be3 Rac8 14.
Qg3 Nd7 15. Nde2 Nb4 16. Rac1 Bf6 17. Rfd1 Rfd8 $10 {1-0 Apicella,M-Schlosser,
P/Wildbad (04) 1990 (35)}) (12. e5 Ne8 (12... dxe5 13. fxe5 Nfd7 14. Bxb7 Qxb7
15. Bf4 Nc6 16. Qf3 Rac8 17. Rad1 Kh8 18. Qh5 Nxd4 19. Rxd4 f5 20. Rfd1 Rc7 $10
{0-1 Klovans,J-Kharitonov,A/Berliner Sommer (05) ;EXP 47 1995 (34)}) 13. Bxb7
Qxb7 14. Qg4 Nd7 15. Qg3 g6 16. Be3 Ng7 17. Rad1 dxe5 18. fxe5 Qc7 $10 {
1/2-1/2 Kuczynski,R-Kempinski,R/POL-chT Lubniewice (07) ;EXP 45 1994 (41)})
12... e5 13. Nde2 (13. Nb3 Nbd7 14. g4 h6 15. g5 (15. h4 $2 Nh7 16. Qe1 Qd8 $15
) 15... hxg5 16. Bxg5 $40 {/\ Rg1}) 13... Nbd7 14. g4 h6 15. g5 (15. h4 $2 Nh7
16. Qe1 Qd8 $15) 15... hxg5 16. Bxg5 Rfe8 (16... d5 $2 17. exd5 Rfe8 18. Ng3
Bb4 19. Nge4 $16) 17. Ng3 Rad8 18. Qd2 d5 19. exd5 e4 $2 (19... Bb4 20. Nh5
Bxc3 21. bxc3 Qd6 $44) 20. Ngxe4 $16 Nxe4 (20... Qe5 21. Qg2 Nxe4 (21... Qxf5
22. d6 $18) 22. Bxe7 Rxe7 23. Bxe4 Nf6 24. Bf3 Bxd5 25. Rad1 Red7 26. Nxd5 Nxd5
27. Rfe1 Nf4 28. Rxe5 Rxd1+ 29. Bxd1 Nxg2 30. Kxg2 Rxd1 31. Kf3 $16) 21. Nxe4
Ne5 (21... Bxg5 22. Qxg5 f6 (22... Qxc2 23. f6 $18) 23. Qg2 Bxd5 24. Rad1 Bxe4
25. Bxe4 $18) 22. Bxe7 Nxf3 (22... Qxe7 23. f6 gxf6 24. Qh6 Ng6 (24... Ng4 25.
Rg1 $18) 25. Bg2 $18) 23. Nf6+ $3 gxf6 (23... Kh8 24. Rxf3 Bxd5 25. Qxd5 $18)
24. Rxf3 Bxd5 (24... Rxe7 25. Qh6 Bxd5 26. Rg1+ $18) (24... Qxe7 {Ftacnik} 25.
Rg1+ Kh7 26. Rh3#) 25. Qg2+ (25. Qg2+ Kh8 26. Rh3#) 1-0

[Event "DEN-ch playoff"]
[Site "Gladsaxe"]
[Date "1994.??.??"]
[Round "1"]
[White "Hansen, Lars Bo"]
[Black "Hansen, Curt"]
[Result "0-1"]
[WhiteElo "2545"]
[BlackElo "2580"]
[Annotator "Boensch,U"]
[PlyCount "70"]
[EventDate "1994.07.??"]
[EventType "match"]
[EventRounds "4"]
[EventCountry "DEN"]
[SourceTitle "CBM 042"]
[Source "ChessBase"]
[SourceDate "1994.10.01"]
[SourceVersion "1"]
[SourceVersionDate "1994.10.01"]
[SourceQuality "1"]

1. e4 c5 2. Nf3 d6 3. d4 cxd4 4. Nxd4 Nf6 5. Nc3 a6 6. Be2 e6 7. O-O Nbd7 8. f4
b5 9. a3 (9. Bf3 Bb7 10. e5 Bxf3 11. Nxf3 dxe5 12. fxe5 Ng4 13. Qe2 b4 14. Ne4
Qb6+ 15. Kh1 Qb5 16. Qxb5 axb5 17. Bf4 $14 {Wahls,M-Gruenberg,HU/Novi Sad olm 
(07)/1990/1-0 (50)}) 9... Bb7 10. Bf3 Rc8 11. Qe1 e5 12. Nf5 g6 13. Ne3 $146 (
13. fxe5 Nxe5 14. Nh6 Be7 15. Qg3 Rc4 16. Bd2 Nxf3+ 17. Qxf3 $36 {-ECO}) 13...
exf4 $6 (13... Bg7 14. f5 O-O 15. g4 Nc5 $15) 14. e5 $1 Bxf3 (14... dxe5 15.
Bxb7 Rb8 16. Bxa6 fxe3 17. Bxb5 $16) 15. exf6 Ne5 (15... fxe3 16. Qxe3+ Ne5 17.
Rxf3 h5 $1 $14) 16. gxf3 fxe3 17. f4 Ng4 18. Bxe3 Kd7 $8 (18... Nxf6 19. Bb6+
Qe7 20. Qh4 Nd5 (20... Rxc3 $2 21. Rae1 $1 (21. bxc3 Ne4 $14) 21... Ne4 (21...
Rxc2 22. Qxf6 $18) 22. Rxe4 Qxe4 23. Qd8#) 21. Rae1 Nxb6 22. Rxe7+ Bxe7 23. Re1
$18) 19. Bd4 $2 (19. Nd5 $1 Rxc2 $2 (19... Nxf6 $4 20. Bb6 $18) (19... Rc6 20.
a4 $16 {->}) 20. Rc1 Rxc1 21. Qxc1 Qb8 22. Nb6+ Kd8 23. Qc6 $18) 19... Nxf6 $13
20. Qh4 (20. Ne4 Bg7 21. Rd1 (21. Bxf6 Bxf6 22. Rd1 $13) 21... Nxe4 22. Qxe4
Bxd4+ 23. Qxd4 Rc6 $15) 20... Bg7 21. Qh3+ Kc7 22. Rad1 $6 (22. Bxf6 Bxf6 23.
Nd5+ Kb8 24. c3 $44 {/\ a4}) 22... Kb8 23. Qf3 Re8 24. Rf2 (24. Kh1 $5) 24...
Qd7 25. Be5 $2 (25. Rfd2 $15) 25... Re6 26. Na2 Ne8 (26... Qc6 $1 27. Qxc6 Rxc6
28. Nb4 dxe5 $19) 27. Bxg7 Nxg7 28. Nb4 Qb7 29. Rd5 $2 $19 (29. Nd5 $17) 29...
Nf5 30. Qd3 Re1+ 31. Rf1 Qb6+ 32. Kh1 Rce8 33. Nxa6+ Ka7 34. Nb4 (34. Rxb5 Qf2
$19) 34... Qf2 35. Nc6+ Ka8 0-1

[Event "Aars"]
[Site "Aars"]
[Date "1995.??.??"]
[Round "8"]
[White "Kristensen, Jorgen Juul"]
[Black "Larsen, Bent"]
[Result "0-1"]
[WhiteElo "2335"]
[BlackElo "2515"]
[Annotator "Boensch,U"]
[PlyCount "58"]
[EventDate "1995.10.??"]
[EventType "tourn"]
[EventRounds "9"]
[EventCountry "DEN"]
[EventCategory "9"]
[SourceTitle "CBM 050"]
[Source "ChessBase"]
[SourceDate "1996.02.01"]
[SourceVersion "1"]
[SourceVersionDate "1996.02.01"]
[SourceQuality "1"]

1. e4 c5 2. Nf3 d6 3. d4 Nf6 4. Nc3 cxd4 5. Nxd4 Nbd7 $5 6. Be3 a6 7. a4 $6
$146 (7. Qd2 e6 8. f3 b5 9. g4 {- Englischer Angriff}) (7. f3 d5 8. Nxd5 Nxd5
9. exd5 Qa5+ 10. Qd2 Qxd5 11. c4 Qh5 12. g4 Qh4+ 13. Bf2 Qf6 14. O-O-O e5 15.
Nf5 $16 {Tolnai,T-Nagel,H Vienna op (4) 1991 1-0 40}) (7. g3 g6 8. Bg2 Bg7 9.
O-O Ne5 10. h3 Bd7 11. Qe2 Rc8 12. Rad1 Nc4 13. Bc1 $14 {Atlas,V-Enders,P Ptui
zt (09) 1995 1-0 49 - CBM 47}) (7. g4 d5 8. Nb3 Nxe4 9. Nxd5 Nd6 10. Qe2 e6 11.
Bf4 Nb6 12. Nxb6 Qxb6 13. O-O-O Bd7 14. Bg2 Bc6 15. Bxc6+ Qxc6 16. Nd4 Qc8 17.
Rhe1 Nc4 18. Bg5 Bd6 19. Nf5 Qc6 20. Qxc4 {1-0 Glek,I-Tataev,M Moscow7 op 1991}
) 7... b6 8. Be2 Bb7 9. f3 e6 (9... g6 10. O-O Bg7 $15) 10. O-O Be7 11. Kh1 Qc7
12. Qd2 O-O 13. Rad1 Rfd8 {Die Stellung mag objektiv gleich sein, aber sie
spielt sich angenehmer für Schwarz. Weiß fehlt durch den Aufbau mit f3 ein
klarer Plan und Schwarz kann schematisch die typischen Sizi-Manöver ziehen.}
14. Bg5 h6 15. Bf4 Ne5 16. Nb3 Ng6 17. Be3 (17. Bg3 Nh5 18. Bf2 Nhf4 $15) 17...
d5 $1 $15 18. exd5 Nxd5 19. Nxd5 Rxd5 20. Bd3 (20. Qc1 Bd6 $1 $17 {[%cal Gc7h2,
Gb7h1]}) 20... Rad8 21. Qf2 Rh5 $1 22. h3 (22. g3 Ne5 23. Bxb6 Bxf3+ $1 (23...
Nxf3 $2 24. Bxc7 Ng5+ 25. Qg2 Bxg2+ 26. Kxg2 $18) (23... Rxd3 $2 24. Rxd3 (24.
Bxc7 $2 Rxf3 25. Kg1 (25. Qxf3 Nxf3 26. h4 Nxh4+ 27. Kg1 Nf3+ 28. Kf2 Rh2+ 29.
Ke3 Rxc2 $19) 25... Rxf2 26. Rxf2 Nf3+ 27. Rxf3 Bxf3 $15 {^^}) (24. cxd3 Bxf3+
25. Kg1 Qb8 (25... Rxh2 26. Kxh2 Ng4+ 27. Kg1 Nxf2 28. Bxc7 Bxd1 29. Na5 $16)
26. Rc1 Ba8 $40) 24... Nxd3 25. Bxc7 Nxf2+ 26. Rxf2 Rd5 $44) 24. Kg1 (24. Qxf3
$4 Nxf3 25. Bxc7 Rxh2#) 24... Qb7 25. Bxd8 (25. Bxa6 Qxa6 26. Bxd8 Bxd1 27.
Rxd1 Qb7 28. Bxe7 Rxh2 29. Rd8+ Kh7 30. Qxh2 Nf3+ 31. Kg2 Nxh2+ 32. Kxh2 Qxe7
$17) 25... Bxd1 26. Rxd1 (26. Bxa6 Qa8 27. Qd4 Bxc2 (27... Bxd8 $2 28. Bb7 $1
Qxb7 29. Qxd8+ Kh7 30. Qxd1 $13) 28. Bxe7 Qxa6 $17) 26... Nf3+ 27. Kf1 (27.
Qxf3 Qxf3 28. Bxe7 Qxd1+ $19) 27... Nxh2+ 28. Ke2 Ng4 $19) 22... Nf4 $1 23.
Bxb6 Qe5 24. Bxd8 Nxh3 $3 25. Qd4 (25. gxh3 Rxh3+ 26. Kg1 Bxf3 $19) (25. Qe1
Ng5+ 26. Kg1 Qh2+ 27. Kf2 Nh3+ 28. Ke3 (28. Ke2 Re5+ $19) 28... Qf4+ 29. Ke2
Re5+ 30. Be4 Bxe4 31. fxe4 Qxe4+ 32. Kd2 Qxg2+ 33. Kc1 (33. Rf2 Qg5+ $19) 33...
Rxe1 34. Rfxe1 Qg5+ $19) 25... Ng5+ (25... Qg3 $1 {Geht noch schneller.} 26.
Qg4 Nf2+ 27. Kg1 Rh1#) 26. Kg1 Qg3 27. Qg4 Nh3+ 28. Kh1 Nf2+ 29. Kg1 Rh1# 0-1